Die Waage des Lebens (Record no. 6046)

MARC details
000 -CABECERA
campo de control de longitud fija 00555nam a2200205 a 4500
001 - NÚMERO DE CONTROL
campo de control BRCA_6360
005 - FECHA Y HORA DE LA ÚLTIMA TRANSACCIÓN
campo de control 20190320205426.0
008 - DATOS DE LONGITUD FIJA--INFORMACIÓN GENERAL
campo de control de longitud fija 230811c----1920gw-#######---#000-0#ger-#
041 ## - CÓDIGO DE LENGUA
Código de lengua del texto/banda sonora o título independiente ger
044 ## - CÓDIGO DEL PAÍS DE LA ENTIDAD EDITORA/PRODUCTORA
Código MARC del país gw
050 #4 - SIGNATURA TOPOGRÁFICA DE LA BIBLIOTECA DEL CONGRESO
Número de clasificación GA9
Número de documento/Ítem .K54 1920
100 1# - ENTRADA PRINCIPAL--NOMBRE DE PERSONA
Nombre de persona Francé, Raoul H.
Fechas asociadas al nombre 1874-1943
Forma completa/desarrollada del nombre Raoul Heinrich
9 (RLIN) 15938
245 10 - MENCIÓN DE TÍTULO
Título Die Waage des Lebens
Resto del título Ein Buch der Rechenschaft
Mención de responsabilidad, etc. von Raoul H. Francé.
260 ## - PUBLICACIÓN, DISTRIBUCIÓN, ETC.
Lugar de publicación, distribución, etc. Prien, Abb
Nombre del editor, distribuidor, etc. Anthropos
Fecha de publicación, distribución, etc. 1920
300 ## - DESCRIPCIÓN FÍSICA
Extensión 304 p.
Dimensiones 21 cm.
500 ## - NOTA GENERAL
Nota general K155
650 14 - PUNTO DE ACCESO ADICIONAL DE MATERIA--TÉRMINO DE MATERIA
Término de materia o nombre geográfico como elemento de entrada Filosofía
9 (RLIN) 14906
902 ## - CATALOGADOR
Iniciales GFM
942 ## - ELEMENTOS DE PUNTO DE ACCESO ADICIONAL (KOHA)
Fuente del sistema de clasificación o colocación Library of Congress Classification
Tipo de ítem Koha Libros
Holdings
Estado de retiro Estado de pérdida Estado dañado No para préstamo Localización permanente Ubicación/localización actual Fecha de adquisición Número de inventario Total de préstamos Signatura topográfica completa Código de barras Fecha visto por última vez Precio válido a partir de Tipo de ítem Koha
El ejemplar forma parte de la colección y puede ser consultado según las políticas vigentes.       Biblioteca del Museo Franz Mayer (Rogerio Casas-Alatriste) Biblioteca del Museo Franz Mayer (Rogerio Casas-Alatriste) 23/08/2011 K155   GA9 .K54 1920 (K155) 6807 22/03/2019 22/03/2019 Libros